Belarus : the ongoing crackdown and forces for change : hearing before the Commission on Security and Cooperation in Europe, One Hundred Twelfth Congress, first session, November 15, 2011.

Bibliographic Details
Corporate Author: United States. Congress. Commission on Security and Cooperation in Europe
Format: Government Document eBook
Language:English
Published: Washington : U.S. G.P.O., 2012.
Subjects:
Online Access:https://purl.fdlp.gov/GPO/gpo28397

MARC

Tag First Indicator Second Indicator Subfields
LEADER 00000cam a2200000 a 4500
001 in00002781430
005 20211120170026.0
006 m o d f
007 cr bn|||||||||
008 120919s2012 dcu o f000 0 eng c
035 |a (OCoLC)ocn810272513 
037 |a 552-070-45082-3  |b GPO  |f paper 
040 |a GPO  |c GPO  |d OCLCQ  |d GPO  |d MvI  |d UtOrBLW 
042 |a pcc 
043 |a n-us--- 
049 |a WWW 
074 |a 1089-E-01 (online) 
086 0 |a Y 4.SE 2:112-1-11 
088 |a CSCE 112-1-11 
110 1 |a United States.  |b Congress.  |b Commission on Security and Cooperation in Europe. 
245 1 0 |a Belarus :  |b the ongoing crackdown and forces for change : hearing before the Commission on Security and Cooperation in Europe, One Hundred Twelfth Congress, first session, November 15, 2011. 
264 1 |a Washington :  |b U.S. G.P.O.,  |c 2012. 
300 |a 1 online resource (iii, 42 pages) 
336 |a text  |b txt  |2 rdacontent 
337 |a computer  |b c  |2 rdamedia 
338 |a online resource  |b cr  |2 rdacarrier 
500 |a Title from title screen (viewed on Sept. 19, 2012). 
500 |a Paper version available for sale by the Supt. of Docs., U.S. G.P.O. 
500 |a "CSCE 112-1-11." 
500 |a Electronic resource. 
650 0 |a Political persecution  |z Belarus. 
650 0 |a Human rights  |z Belarus. 
651 0 |a Belarus  |x Politics and government  |y 1991- 
776 0 8 |i Print version:  |a United States. Congress. Commission on Security and Cooperation in Europe.  |t Belarus  |w (OCoLC)810266557 
776 0 8 |i Microfiche:  |a United States. Congress. Commission on Security and Cooperation in Europe.  |t Belarus  |w (OCoLC)824564778 
856 4 0 |u https://purl.fdlp.gov/GPO/gpo28397  |t 0 
999 |a MARS 
999 f f |s a7ed8ff1-6940-3f53-bb34-545d60a6d4bb  |i 5c3f43be-3011-33ba-b86f-5241e16874a8  |t 0 
952 f f |a Texas A&M University  |b College Station  |c Electronic Resources  |d Available Online  |t 0  |e Y 4.SE 2:112-1-11  |h Superintendent of Documents classification 
998 f f |a Y 4.SE 2:112-1-11  |t 0  |l Available Online